000 00430nam a22001457a 4500
005 20231030083345.0
008 231030b |||||||| |||| 00| 0 eng d
041 _aEnglish
082 _a657 BOK
100 _aDe Kock AAB
_lEnglish
245 _aBookkeeping course 21 - 24 May 2005 :
_bCandidate legal practitioners /
_cAAB De Kock
260 _c2005
650 _alegal practice
_bLaw
942 _cBK
_6ALISON_BN_VRIES
999 _c127
_d127